000 01204pab a2200169 454500
008 180718b2008 xxu||||| |||| 00| 0 eng d
100 _aRoss, Michael L.
245 _aOil, Islam and women
260 _c2008
300 _ap.107-23.
362 _aFeb
520 _aWomen have made less progress toward gender equality in the Middle East than in any other region. Many observers claim this is due to the region's Islamic traditions. I suggest that oil, not Islam, is at fault; and that oil production also explains why women lag behind in many other countries. Oil production reduces the number of women in the labor force, which in turn reduces their political influence. As a result, oil-producing states are left with atypically strong patriarchal norms, laws, and political institutions. I support this argument with global data on oil production, female work patterns, and female political representation, and by comparing oil-rich Algeria to oil-poor Morocco and Tunisia. This argument has implications for the study of the Middle East, Islamic culture, and the resource curse. - Reproduced.
650 _aWomen
773 _aAmerican Political Science Review
908 _aN
909 _a79026
999 _c79026
_d79026